00382nam a2200157Ia 450000500170000000800410001704000190005804100120007708200210008910000120011024500450012226000180016730000100018565000190019585000100021420230321095202.0131103s9999 xx 000 0 und d aLoreto College aEnglish a891.441bDUT-ROY aRoy,A.B aKabya jagate Michael MadhusudancA.B.Roy aKolkatac1955 a180p  aEnglish poetry aLCLIB